00608nam a2200181Ia 4500003000900000008004100009020001800050040001600068080002300084245013500107260003000242300001500272490005100287650001700338650002600355700002400381700002100405IN-BaIIA211028s9999 xx 000 0 eng d a1-4020-3726-0 cIIA Library a52(082.1)bASS-331 0aUltraviolet radiation in the solar systemcedited by M. Vazquez and A. Hanslmeier  aDordrechtbSpringerc2006 axii, 380p. aAstrophysics and space science library; v. 331 aSolar system aUltraviolet radiation aHanslmeier, A., ed. aVazquez, M., ed.